[Event "Oberliga Ost-B 2122"]
[Site "Germany"]
[Date "2022.04.03"]
[Round "11.6"]
[White "Mueller, Achim"]
[Black "Glaessl, Matthias"]
[Result "1/2-1/2"]
[WhiteElo "2101"]
[BlackElo "2164"]
[PlyCount "66"]
[EventDate "2021.10.10"]
[EventType "team-tourn"]
[EventRounds "11"]
[EventCountry "GER"]
[SourceTitle "EXT 2023"]
[Source "ChessBase"]
[SourceDate "2022.10.05"]
[SourceVersion "1"]
[SourceVersionDate "2022.10.05"]
[SourceQuality "1"]
[WhiteTeam "Schoeneck"]
[BlackTeam "Gera"]
[WhiteTeamCountry "GER"]
[BlackTeamCountry "GER"]

1. e4 c5 2. Nf3 Nc6 3. d3 g6 4. g3 Bg7 5. Bg2 e6 6. 0-0 Nge7 7. Re1 d6 8. c3 0-0 9. d4 cxd4 10. cxd4 d5 11. e5 Qb6 12. Nc3 Nf5 13. Na4 Qb4 14. a3 Qe7 15. Bf4 h6 16. h4 Bd7 17. Nc3 Rfc8 18. Qd2 Kh7 19. b4 Qd8 20. Bf1 a6 21. Rab1 Bf8 22. Rec1 b5 23. Nd1 Qb6 24. Be3 Nxe3 25. Nxe3 Ne7 26. g4 Qd8 27. Bd3 Rxc1+ 28. Rxc1 Rc8 29. Ng2 Rxc1+ 30. Qxc1 Kg8 31. Qf4 Bg7 32. Qd2 Nc6 33. Bb1 Be8 1/2-1/2

[Event "Oberliga Ost-B 2122"]
[Site "Germany"]
[Date "2022.03.06"]
[Round "9.6"]
[White "Schupp, Uwe"]
[Black "Glaessl, Matthias"]
[Result "1/2-1/2"]
[WhiteElo "2112"]
[BlackElo "2164"]
[PlyCount "81"]
[EventDate "2021.10.10"]
[EventType "team-tourn"]
[EventRounds "11"]
[EventCountry "GER"]
[SourceTitle "EXT 2023"]
[Source "ChessBase"]
[SourceDate "2022.10.05"]
[SourceVersion "1"]
[SourceVersionDate "2022.10.05"]
[SourceQuality "1"]
[WhiteTeam "Gernsheim"]
[BlackTeam "Gera"]
[WhiteTeamCountry "GER"]
[BlackTeamCountry "GER"]

1. g3 d6 2. Bg2 e5 3. d3 Nf6 4. c4 c6 5. Nc3 Be7 6. Nf3 Nbd7 7. 0-0 0-0 8. Rb1 Re8 9. b4 Qc7 10. b5 Bf8 11. bxc6 bxc6 12. Nd2 Bb7 13. Ba3 Rab8 14. Qa4 Ba8 15. Nb3 Rec8 16. Rfc1 Nb6 17. Qa5 Nbd7 18. Qxc7 Rxc7 19. Na5 Rb6 20. Nb5 cxb5 21. Bxa8 bxc4 22. Nxc4 Rxb1 23. Rxb1 d5 24. Bxf8 Kxf8 25. Na5 Nb6 26. Rb2 Nfd7 27. Bc6 Ke7 28. Kf1 Kd6 29. Bxd7 Kxd7 30. Ke1 Rc5 31. Nb7 Rc7 32. Na5 Rc5 33. Nb7 Rc3 34. Kd2 Ra3 35. Nc5+ Kd6 36. Rc2 Nc4+ 37. dxc4 Kxc5 38. cxd5+ Kxd5 39. Kc1 Ra5 40. Rd2+ Ke6 41. Kb2 1/2-1/2

[Event "Arber Seniors op 6th"]
[Site "Bayerisch Eisenstein"]
[Date "2018.08.04"]
[Round "8"]
[White "Schwalb, Manfred"]
[Black "Glaessl, Matthias"]
[Result "0-1"]
[WhiteElo "1972"]
[BlackElo "2071"]
[PlyCount "96"]
[EventDate "2018.07.28"]
[EventType "swiss"]
[EventRounds "9"]
[EventCountry "GER"]
[SourceTitle "CBM 185 Extra"]
[Source "ChessBase"]
[SourceDate "2018.07.29"]
[SourceVersion "1"]
[SourceVersionDate "2018.07.29"]
[SourceQuality "1"]

1. e4 c5 2. Nf3 Nc6 3. d3 g6 4. g3 Bg7 5. Bg2 e5 6. 0-0 Nge7 7. c3 0-0 8. Nh4 d5 9. Nd2 b6 10. Qa4 d4 11. c4 Bg4 12. Re1 a5 13. a3 Bd7 14. Nf1 Ra7 15. Qc2 a4 16. f4 Na5 17. fxe5 Nb3 18. Rb1 Nc6 19. Nf3 Nxc1 20. Qxc1 Nxe5 21. Nxe5 Bxe5 22. Nd2 Qc7 23. Nf3 b5 24. b4 axb3 25. Rxb3 bxc4 26. dxc4 Ra4 27. Qb2 Bc6 28. Bf1 Bg7 29. Bd3 Re8 30. Nd2 Bh6 31. Nf1 f5 32. e5 Rxe5 33. Rb8+ Kf7 34. Rb1 Re7 35. Qc2 Qe5 36. R1b3 Be3+ 37. Nxe3 dxe3 38. Qe2 Raa7 39. Rc8 Bb7 40. Rd8 Ra8 41. Rxa8 Bxa8 42. Rb1 Qf6 43. h3 Qc6 44. Kh2 Qd6 45. Rf1 Qe5 46. h4 Kg7 47. Rf4 Rb7 48. Bc2 Rb2 0-1

[Event "Arber Seniors op 6th"]
[Site "Bayerisch Eisenstein"]
[Date "2018.07.30"]
[Round "3"]
[White "Glaessl, Matthias"]
[Black "Puehn, Georg"]
[Result "1/2-1/2"]
[WhiteElo "2071"]
[BlackElo "1989"]
[PlyCount "123"]
[EventDate "2018.07.28"]
[EventType "swiss"]
[EventRounds "9"]
[EventCountry "GER"]
[SourceTitle "CBM 185 Extra"]
[Source "ChessBase"]
[SourceDate "2018.07.29"]
[SourceVersion "1"]
[SourceVersionDate "2018.07.29"]
[SourceQuality "1"]

1. e4 e5 2. Nf3 Nc6 3. Bc4 Bc5 4. c3 Nf6 5. d3 d6 6. Bb3 a6 7. Nbd2 0-0 8. h3 Ne7 9. 0-0 Ba7 10. Nc4 Ng6 11. Kh2 c6 12. Be3 b5 13. Ncd2 d5 14. Bxa7 Rxa7 15. g3 h6 16. Qe2 Re8 17. Ng1 Rae7 18. a4 Bb7 19. Rfd1 Qc7 20. Bc2 Bc8 21. Bb3 Bb7 22. Bc2 Bc8 23. b3 Nh7 24. Ndf3 f5 25. c4 fxe4 26. dxe4 d4 27. axb5 axb5 28. cxb5 cxb5 29. Bd3 b4 30. Rdc1 Qb6 31. Ra8 Rc7 32. Rca1 Rf8 33. Bc4+ Kh8 34. R1a5 Qf6 35. Kg2 Ng5 36. Ra2 Ne6 37. Bxe6 Qxe6 38. Nd2 Qc6 39. R8a5 Rcf7 40. f3 Qf6 41. h4 h5 42. Kf1 Ne7 43. Ke1 g5 44. Qh2 Ng6 45. hxg5 Qxg5 46. Kd1 Rh7 47. Ra7 Rg8 48. Rxh7+ Kxh7 49. Ra7+ Kh6 50. g4 Bxg4 51. fxg4 Qxg4+ 52. Kc1 Nf4 53. Ngf3 Rc8+ 54. Kb1 Nd3 55. Qh1 Rc1+ 56. Qxc1 Nxc1 57. Kxc1 Qc8+ 58. Nc4 Qg4 59. Ncd2 Qf4 60. Kd1 Qe3 61. Ra6+ Kg7 62. Ra7+ 1/2-1/2